Statistiques concernant Paroles - L'Hymne à l'Amour - Edith Piaf

Cliquez ici pour prendre le quiz!

Statistiques générales

  • Ce quiz a été pris 512 fois
  • Le résultat moyen est 125 sur 158

Statistiques - réponses

Answer% Correct
Le
96%
le
96%
à
96%
je
96%
tu
95%
ma
95%
la
95%
me
95%
mon
93%
de
93%
peu
93%
si
93%
en
92%
et
92%
m'importe
91%
du
90%
m'aimes
90%
peut
90%
bien
90%
amour
89%
monde
89%
ciel
89%
nous
89%
bleu
88%
fous
86%
entier
86%
terre
86%
sur
86%
s'effondrer
84%
s'écrouler
84%
moi
82%
demandais
81%
les
81%
que
80%
on
79%
ferais
78%
puisque
78%
mes
77%
blonde
76%
quoi
76%
teindre
75%
vie
74%
n'importe
74%
rire
73%
un
73%
problèmes
72%
tes
71%
jour
71%
j'irais
69%
pour
68%
lune
67%
décrocher
66%
dans
63%
t'arrache
63%
bout
63%
jusqu'au
63%
fortune
63%
car
62%
sous
62%
toute
61%
loin
60%
mains
60%
tant
59%
amis
58%
patrie
58%
aussi
58%
s'aime
57%
plus
57%
corps
56%
l'immensité
56%
renierais
56%
l'amour
55%
aurons
54%
meurs
54%
qui
53%
l'éternité
53%
matins
53%
sois
52%
frémira
52%
qu'on
46%
mourrais
46%
voler
45%
m'importent
42%
inondera
41%
crois-tu
39%
Dieu
38%
ceux
36%
s'aiment
36%
réunit
35%

Distribution des résultats

Percentile par nombre de réponses

% des personnes avec chaque résultat

Votre développement - résultats

Vous n’avez pas pris ce quiz